[Event "Olympiad"]
[Site "Bled SLO"]
[Date "2002.11.05"]
[Round "10"]
[White "Kengis,E"]
[Black "Vallejo Pons,F"]
[Result "1-0"]
[WhiteElo "2570"]
[BlackElo "2635"]

1.Nf3 d6 2.d4 Bg4 3.c4 Nd7 4.d5 e5 5.dxe6 Bxe6 6.e4 Bg4 7.Be2 Ngf6 8.Nc3 g6
9.h3 Bxf3 10.Bxf3 Bg7 11.O-O O-O 12.Be3 Re8 13.Qc2 c6 14.Rad1 Re6 15.Rd2 Qc7
16.Rfd1 Rae8 17.b4 a6 18.Bf4 Ne5 19.Bxe5 dxe5 20.c5 h5 21.Nd5 cxd5 22.exd5 e4
23.dxe6 Rxe6 24.Be2 e3 25.Rd8+ Kh7 26.Bf3 a5 27.a3 axb4 28.axb4 exf2+ 29.Qxf2 Bh6
30.R8d3 Qe7 31.Kh1 Bg5 32.Rd6 Re5 33.Rb6 Rf5 34.Qe1 Re5 35.Qf1 Rf5 36.Rxb7 Qe6
37.Qd3 Be3 38.Rb6 Qe5 39.Rxf6 Rxf6 40.Re1 Re6 41.c6 Qf4 42.Bd5 Re7 43.Rf1 Bf2
44.b5 Re1 45.Rxe1 Bxe1 46.Qf3 Qxf3 47.gxf3 Ba5 48.Bxf7 Kg7 49.Be8 h4 50.f4 Kf6
51.Kg2 g5 52.fxg5+ Kxg5 53.Kf3 Bb6 54.Bd7 Bc7 55.Ke4 Kf6 56.Kd5 Ke7 57.Kc5 Bf4
58.Kb6 Kd6 59.Kb7  1-0

[Event "Olympiad"]
[Site "Bled SLO"]
[Date "2002.11.07"]
[Round "12"]
[White "Vallejo Pons,F"]
[Black "Van Wely,L"]
[Result "1-0"]
[WhiteElo "2635"]
[BlackElo "2681"]

1.e4 c5 2.Nf3 Nc6 3.d4 cxd4 4.Nxd4 Nf6 5.Nc3 e5 6.Ndb5 d6 7.Bg5 a6 8.Na3 b5
9.Bxf6 gxf6 10.Nd5 f5 11.Bd3 Be6 12.O-O Bxd5 13.exd5 Ne7 14.c3 Bg7 15.Qh5 e4
16.Bc2 O-O 17.Rae1 Qc8 18.Bb3 a5 19.Nxb5 a4 20.Bd1 Qc5 21.Nd4 Qxd5 22.Re3 Rfb8
23.Rh3 h6 24.b3 a3 25.Bc2 Rc8 26.Rd1 Qe5 27.g4 fxg4 28.Qxg4 d5 29.Kh1 f5
30.Qh5 f4 31.Qxe5 Bxe5 32.c4 Ra6 33.Nb5 Bg7 34.Rg1 Kf8 35.Rh4 Ng6 36.Rhg4 Rcc6
37.Bb1 dxc4 38.bxc4 Rxc4 39.Rxg6 Rxg6 40.Rxg6 Bb2 41.Nd6 Rb4 42.Bxe4 Bd4
43.f3 Bc5 44.Nf5 Rb2 45.Rg2 Bf2 46.h3 Rd2 47.Rg6 Ke8 48.Rd6 Rxa2 49.Bc6+  1-0

[Event "Olympiad"]
[Site "Bled SLO"]
[Date "2002.11.08"]
[Round "13"]
[White "Bologan,V"]
[Black "Vallejo Pons,F"]
[Result "0-1"]
[WhiteElo "2627"]
[BlackElo "2635"]

1.e4 c5 2.Nf3 d6 3.d4 cxd4 4.Nxd4 Nf6 5.Nc3 a6 6.Be3 e5 7.Nb3 Be6 8.f3 Be7
9.Qd2 O-O 10.O-O-O Qc7 11.g4 Nbd7 12.g5 Nh5 13.Kb1 Rfc8 14.Qf2 b5 15.Rg1 g6
16.Nd5 Bxd5 17.exd5 Bf8 18.Bh3 a5 19.Bxd7 Qxd7 20.Nd2 b4 21.Ne4 a4 22.Rd3 Rc4
23.Rc1 Rac8 24.Qe2 Bg7 25.Bd2 Qc7 26.Be3 Qd7 27.Qg2 f5 28.gxf6 Nxf6 29.h4 Nh5
30.Rdd1 Kh8 31.Qd2 Nf4 32.Rh1 Qe7 33.Rhe1 Qf8 34.Rh1 h6 35.Rhg1 Kh7 36.Rg4 b3
37.Nc3 Qf5 38.a3 bxc2+ 39.Ka2 Qf7 40.Rcg1 Rxc3 41.bxc3 Nxd5 42.c4 Nxe3 43.Qxe3 Rxc4
44.Rxc4 Qxc4+ 45.Kb2 e4+ 46.Kc1 Qa2 47.Kd2 c1=Q+ 48.Kxc1 Qb2+ 49.Kd1 Bd4
50.Qxe4 Bxg1 51.Qe7+ Qg7 52.Qd8 Bc5 53.Kc2 h5 54.f4 Qf7  0-1

[Event "Bundesliga 2002-3"]
[Site "Emsdetten GER"]
[Date "2002.11.15"]
[Round "7"]
[White "Hracek,Z"]
[Black "Vallejo Pons,F"]
[Result "1/2-1/2"]
[WhiteElo "2607"]
[BlackElo "2635"]

1.e4 c5 2.Nf3 e6 3.d4 cxd4 4.Nxd4 a6 5.Bd3 Nf6 6.O-O d6 7.c4 Bd7 8.Nc3 Nc6
9.Nxc6 Bxc6 10.b4 b6 11.Qe2 Be7 12.Rd1 Nd7 13.Bf4 O-O 14.Rac1 Re8 15.Bc2 Qb8
16.Ba4 Bxa4 17.Nxa4 Ra7 18.c5 bxc5 19.bxc5 e5 20.Be3 dxc5 21.Bxc5 Bxc5 22.Nxc5 Nxc5
23.Rxc5 h6 24.h4 a5 25.a4 Qb3 26.Ra1 Qb4 27.Qc2 Rb7 28.Rd1 h5 29.Kh2 Rb6
30.Rdd5 Rf6 31.Rc8 Re6 32.Rb5 Qd4 33.Rbb8 Qd7 34.g3 g6 35.Kg2 Kg7 36.Rc7 Qd4
37.Rxe8 Rxe8 38.Rc4 Qa1 39.Qd2 Rb8 40.Qc3 Qxc3 41.Rxc3 Rb4  1/2-1/2

[Event "TCh-ESP"]
[Site "Mondariz ESP"]
[Date "2002.12.01"]
[Round "2"]
[White "Gurevich,M"]
[Black "Vallejo Pons,F"]
[Result "0-1"]
[WhiteElo "2634"]
[BlackElo "2635"]

1.d4 d6 2.Nf3 g6 3.c4 Bg7 4.Nc3 Bg4 5.e3 c5 6.Be2 Nc6 7.d5 Na5 8.Bd2 Nf6
9.h3 Bd7 10.e4 O-O 11.O-O e5 12.dxe6 Bxe6 13.b3 Nc6 14.Rc1 Nd7 15.Bg5 Qa5
16.Qd2 Nde5 17.Rfd1 Nxf3+ 18.Bxf3 a6 19.Bh6 Bxh6 20.Qxh6 Nd4 21.Bg4 Rae8
22.Re1 b5 23.f4 bxc4 24.bxc4 Bxc4 25.f5 Qd8 26.e5 gxf5 27.exd6 fxg4 28.Re7 Bd3
29.Nd5 Ne2+ 30.Rxe2 Rxe2 31.Nf4 Re6 32.Nxe6 fxe6 33.Qxe6+ Kh8 34.Rxc5 g3
35.Qe5+ Qf6 36.Qxg3 Qd4+ 37.Kh2 Qxc5 38.Qxd3 Qe5+ 39.Kg1 Qe1+ 40.Kh2 Qe5+
41.Kg1 Rd8  0-1

[Event "TCh-ESP"]
[Site "Mondariz ESP"]
[Date "2002.12.02"]
[Round "3"]
[White "Vallejo Pons,F"]
[Black "Rodriguez,Or"]
[Result "1-0"]
[WhiteElo "2635"]
[BlackElo "2465"]

1.c4 c5 2.Nf3 Nf6 3.Nc3 e6 4.e4 Nc6 5.Be2 d5 6.cxd5 exd5 7.e5 Ne4 8.O-O Be7
9.Bd3 Nxc3 10.dxc3 Be6 11.Re1 h6 12.a3 g5 13.b4 g4 14.Nd2 c4 15.Bc2 Qb6 16.a4 O-O-O
17.Qe2 Rd7 18.Ba3 a5 19.b5 Nb8 20.Bc1 Rdd8 21.Nf1 Nd7 22.Ne3 Nxe5 23.Nf5 Bf6
24.Be3 Qc7 25.Bd4 Nd7 26.b6 Qb8 27.Bxf6 Nxf6 28.Qe3 d4 29.cxd4 Nd5 30.Qa3 Rd7
31.Qc5+ Kd8 32.Qxa5 Nf4 33.Re5 f6 34.Rc5 Rd5 35.Be4 Re8 36.Bxd5 Bxf5 37.Bxc4 Be4
38.Rc7  1-0

[Event "TCh-ESP"]
[Site "Mondariz ESP"]
[Date "2002.12.03"]
[Round "4"]
[White "Illescas Cordoba,M"]
[Black "Vallejo Pons,F"]
[Result "1-0"]
[WhiteElo "2585"]
[BlackElo "2635"]

1.d4 d6 2.Nf3 Bg4 3.c4 Nd7 4.Nc3 Ngf6 5.e4 e5 6.Be2 Be7 7.O-O O-O 8.Be3 c6
9.d5 Qb8 10.Nd2 Bxe2 11.Qxe2 Bd8 12.b4 Bb6 13.Nb3 cxd5 14.cxd5 Rc8 15.Rfc1 Bxe3
16.Qxe3 Nb6 17.Nb5 Nc4 18.Qe2 a6 19.Na7 Qxa7 20.Rxc4 Rxc4 21.Qxc4 b6 22.Rc1 h5
23.h3 a5 24.b5 a4 25.Nd2 Qa5 26.Nf3 a3 27.g3 Qa4 28.Ng5 g6 29.Qc7 Rf8 30.Qe7 Nxe4
31.Rc8  1-0

[Event "TCh-ESP"]
[Site "Mondariz ESP"]
[Date "2002.12.05"]
[Round "6"]
[White "Cifuentes Parada,R"]
[Black "Vallejo Pons,F"]
[Result "1/2-1/2"]
[WhiteElo "2507"]
[BlackElo "2635"]

1.d4 d5 2.c4 Nc6 3.cxd5 Qxd5 4.e3 e5 5.Nc3 Bb4 6.Bd2 Bxc3 7.Bxc3 exd4 8.Ne2 Nf6
9.Nxd4 O-O 10.Nb5 Qg5 11.h4 Qg6 12.Qf3 Bg4 13.Qg3 Rad8 14.Bc4 Be6 15.Bxe6 fxe6
16.Qg5 Qxg5 17.hxg5 Nd5 18.Nd4 Nxd4 19.Bxd4 Nf4 20.Rd1 e5 21.exf4 exd4 22.g3 c5
23.Kd2 c4 24.Rhe1 Rde8 25.a4 Kf7  1/2-1/2

[Event "TCh-ESP"]
[Site "Mondariz ESP"]
[Date "2002.12.06"]
[Round "7"]
[White "Vallejo Pons,F"]
[Black "Marin,M"]
[Result "1/2-1/2"]
[WhiteElo "2635"]
[BlackElo "2556"]

1.e4 d6 2.d4 Nf6 3.Nc3 g6 4.Bg5 Bg7 5.Qd2 h6 6.Bh4 Nbd7 7.O-O-O g5 8.Bg3 Nh5
9.e5 dxe5 10.dxe5 Nxg3 11.hxg3 Bxe5 12.f4 gxf4 13.gxf4 Bg7 14.Ne4 c6 15.Qe1 Qc7
16.Nd6+ Kf8 17.Nxc8 Rxc8 18.g3 Nf6 19.Nf3 Rd8 20.Rxd8+ Qxd8 21.Bc4  1/2-1/2

[Event "National I"]
[Site "Drancy FRA"]
[Date "2003.01.31"]
[Round "1"]
[White "Vallejo Pons,F"]
[Black "Afek,Y"]
[Result "1-0"]
[WhiteElo "2629"]
[BlackElo "2386"]

1.e4 c5 2.Nf3 Nf6 3.Nc3 d5 4.exd5 Nxd5 5.d4 Nc6 6.dxc5 Nxc3 7.Qxd8+ Nxd8
8.bxc3 f6 9.Be3 e5 10.O-O-O Bd7 11.Nd2 Rc8 12.Ne4 Ne6 13.Rd5 Bc6 14.Nd6+ Bxd6
15.Rxd6 Ke7 16.Bc4 Nc7 17.f4 e4 18.f5 Bd7 19.g4 h5 20.Rg1 Rcd8 21.Rd4 Bc6
22.gxh5 Ne8 23.Be2 Rh7 24.Rgd1 Rc8 25.Bf4 Rh8 26.a4 a5 27.Bc4 Nc7 28.Bd6+ Kd7
29.Bg3+ Ke7 30.Bd6+ Kd7 31.Bf8+ Ke8 32.Bxg7 Rxh5 33.Bxf6  1-0

[Event "XX SuperGM"]
[Site "Linares ESP"]
[Date "2003.02.25"]
[Round "4"]
[White "Vallejo Pons,F"]
[Black "Radjabov,T"]
[Result "1/2-1/2"]
[WhiteElo "2629"]
[BlackElo "2624"]

1.e4 e6 2.d4 d5 3.Nc3 Nf6 4.Bg5 Bb4 5.e5 h6 6.Bc1 Ne4 7.Qg4 g6 8.Ne2 c5 9.a3 Bxc3+
10.bxc3 cxd4 11.cxd4 Qc7 12.f3 Nc3 13.Bd2 Na4 14.Nf4 a6 15.c4 dxc4 16.Bxc4 Nc6
17.Rc1 Qe7 18.O-O Nb6 19.Nd3 Qxa3 20.Ra1 Qe7 21.Bb3 Qd8 22.Be3 Nd5 23.Bf2 h5
24.Qe4 Nc3 25.Qe1 Nxd4 26.Bd1 Ndb5 27.Nc5 O-O 28.Ba4 Nxa4 29.Rxa4 f5 30.Qc1 Kh7
31.Rc4 Qe8 32.Qg5 b6 33.Na4 Bb7 34.Be3 Qf7 35.Nxb6 Rad8 36.Rfc1 Qg7 37.h3 Rd3
38.Bc5 Rf7 39.Bf2 Qxe5 40.Re1 Qg7 41.Rxe6 Nd4 42.Re1 f4 43.Bxd4 Rxd4 44.Kh1 Rd6
45.Na4 Rd5 46.Qh4 Qf8 47.Qf2 Qd6 48.Nc5 Rdf5  1/2-1/2

[Event "XII It I"]
[Site "Dos Hermanas ESP"]
[Date "2003.03.29"]
[Round "2"]
[White "Vallejo Pons,F"]
[Black "Karjakin,Sergey"]
[Result "1-0"]
[WhiteElo "2629"]
[BlackElo "2547"]

1.Nf3 c5 2.c4 Nc6 3.d4 cxd4 4.Nxd4 Nf6 5.Nc3 e6 6.a3 Nxd4 7.Qxd4 b6 8.Qf4 Bb7
9.e4 d6 10.Bd3 a6 11.O-O Nd7 12.Qg3 Qc7 13.Be3 g6 14.Bd4 e5 15.Be3 Bg7 16.Nd5 Qd8
17.h4 O-O 18.h5 Nc5 19.h6 Bh8 20.b4 Nd7 21.Bg5 f6 22.Be3 Rf7 23.Be2 Kf8 24.Rad1 f5
25.exf5 gxf5 26.f4 Bxd5 27.Rxd5 Nf6 28.Rd3 Ne4 29.Qh3 Qc8 30.Bh5 Rf6 31.Bxb6 Qxc4
32.fxe5 dxe5 33.Rxf5 Qc1+ 34.Rd1 Qxh6 35.Be3 Qg7 36.Bf3 Nc3 37.Bh6  1-0

[Event "XII It I"]
[Site "Dos Hermanas ESP"]
[Date "2003.03.31"]
[Round "4"]
[White "Tiviakov,S"]
[Black "Vallejo Pons,F"]
[Result "0-1"]
[WhiteElo "2635"]
[BlackElo "2629"]

1.e4 c5 2.c3 Nf6 3.e5 Nd5 4.Nf3 Nc6 5.Bc4 Nb6 6.Bb3 c4 7.Bc2 Qc7 8.Qe2 g5
9.h3 Bg7 10.O-O Nxe5 11.Nxg5 h6 12.Nf3 Ng6 13.Re1 Bf6 14.d4 d6 15.a4 Rg8
16.a5 Nd5 17.Qe4 Be6 18.Bxh6 O-O-O 19.a6 Rh8 20.Ng5 Bxg5 21.Bxg5 Rdg8 22.Nd2 b5
23.Nf3 Rh5 24.Kf1 Nf8 25.Bc1 Qd7 26.Ng1 Nh7 27.Qf3 Nhf6 28.b3 cxb3 29.Bxb3 Rf5
30.Qd3 Ne3+ 31.Qxe3 Bxb3 32.f3 Bc4+ 33.Kf2 e6 34.Qh6 Qd8 35.Qd2 Nh5 36.Re4 d5
37.Rg4 Rxg4 38.hxg4 Qh4+ 39.Ke3 Ng3 40.Qf2 Nf1+ 41.Qxf1 Bxf1 42.gxf5 Qe1+
43.Kf4 Qxc3  0-1

[Event "XII It I"]
[Site "Dos Hermanas ESP"]
[Date "2003.04.01"]
[Round "5"]
[White "Vallejo Pons,F"]
[Black "Epishin,V"]
[Result "1/2-1/2"]
[WhiteElo "2629"]
[BlackElo "2626"]

1.e4 c5 2.Nf3 e6 3.d4 cxd4 4.Nxd4 a6 5.c4 Bc5 6.Nc3 d6 7.Nb3 Ba7 8.Qe2 Ne7
9.Be3 O-O 10.O-O-O Qc7 11.Kb1 Nbc6 12.h4 Bxe3 13.Qxe3 f5 14.Bd3 Ne5 15.Be2 Nxc4
16.Bxc4 Qxc4 17.Rxd6 fxe4 18.Qxe4 Qc7 19.Rhd1 Nf5 20.R6d2 Rb8 21.h5 b5 22.g4 Nh4
23.Nd4 Rb6 24.g5 Qf4 25.Qxf4 Rxf4 26.Ndxb5 Bb7 27.Nc7 Nf3 28.Rd8+ Rf8 29.h6 gxh6
30.Ne8 Bc6 31.Nf6+ Kf7 32.Rxf8+ Kxf8 33.gxh6 Ke7 34.Nh5 Rb4 35.Ng3 Rh4 36.Rc1 Rxh6
37.Nce4 Bd5 38.Rc7+ Kd8 39.Ra7 Rh2  1/2-1/2

[Event "TCh-ESP"]
[Site "Lanzarote ESP"]
[Date "2003.05.09"]
[Round "4"]
[White "Vallejo Pons,F"]
[Black "Rodriguez,Or"]
[Result "1/2-1/2"]
[WhiteElo "2645"]
[BlackElo "2464"]

1.e4 c5 2.Nf3 d6 3.d4 cxd4 4.Nxd4 Nf6 5.Nc3 Nc6 6.Bg5 Bd7 7.f3 Qa5 8.Be3 e6
9.Qd2 a6 10.O-O-O Be7 11.Kb1 Nxd4 12.Bxd4 e5 13.Be3 Be6 14.Qf2 Qc7 15.g4 h6
16.h4 b5 17.Rh2 b4 18.Na4 Nd7 19.b3 Qc6 20.g5 h5 21.g6 O-O 22.Qg1 Nc5 23.Nb2 a5
24.Bc4 a4 25.gxf7+ Rxf7 26.Bxc5 dxc5 27.Qg6 Rf6 28.Qxh5 axb3 29.cxb3 Raf8
30.Qxe5 Bxc4 31.Nxc4 Re6 32.Qd5 Rxf3 33.Qxc6 Rxc6 34.e5 Rh6 35.h5 g5 36.Kc2 Kf7
37.Rd3 Rf4 38.Kd2 Ke6 39.Ke2 Rh4 40.Rg2 R6xh5 41.Rdg3  1/2-1/2

[Event "TCh-ESP"]
[Site "Lanzarote ESP"]
[Date "2003.05.10"]
[Round "5"]
[White "Vallejo Pons,F"]
[Black "Gurevich,M"]
[Result "0-1"]
[WhiteElo "2645"]
[BlackElo "2635"]

1.e4 e6 2.d4 d5 3.Nc3 Nf6 4.Bg5 dxe4 5.Nxe4 Nbd7 6.Nxf6+ Nxf6 7.Nf3 h6 8.Bxf6 Qxf6
9.Bb5+ c6 10.Bd3 Bd7 11.O-O Bd6 12.Qe2 c5 13.Rad1 O-O-O 14.dxc5 Bxc5 15.Be4 Kb8
16.Bxb7 Kxb7 17.Rxd7+ Rxd7 18.Qb5+ Kc7 19.Qxc5+ Kb8 20.Ne5 Rc7 21.Nc6+ Ka8
22.b4 Qg5 23.Qc4 Qd5 24.Qxd5 exd5 25.b5 Re8 26.Rd1 a6 27.a4 Re4 28.Kf1 Rxa4
29.c4 Rxc4 30.Rxd5 Rc1+ 31.Ke2 axb5 32.Nb4 R1c5  0-1

[Event "16th Ciudad"]
[Site "Leon ESP"]
[Date "2003.06.07"]
[Round "1.1"]
[White "Vallejo Pons,F"]
[Black "Ponomariov,R"]
[Result "1/2-1/2"]
[WhiteElo "2645"]
[BlackElo "2718"]

1.e4 e5 2.Nf3 Nc6 3.Bb5 a6 4.Ba4 Nf6 5.O-O Be7 6.Re1 b5 7.Bb3 d6 8.c3 O-O
9.h3 a5 10.d4 a4 11.Bc2 Bd7 12.Nbd2 Re8 13.Nf1 h6 14.Ng3 Bf8 15.Bd2 Na5 16.b3 axb3
17.axb3 c5 18.d5 Qc7 19.Nh2 c4 20.b4 Nb7 21.Qf3 Nh7 22.Ng4 Rec8 23.Be3 Qd8
24.Ba7 g6 25.Be3 Qh4 26.Qe2 h5 27.Nh2 Qd8 28.Ba7 Bh6 29.Ra6 Qe7 30.Rea1 f6
31.Nf3 Nd8 32.Nh4 Be8 33.R1a5 Bg5 34.Nf3 Bf4 35.Be3 Rxa6 36.Rxa6 Nf7 37.Qd2 Bxe3
38.Qxe3 Qd8 39.Nh4 Nf8 40.Qa7 Rc7 41.Qb6 Rc8 42.Qa7 Rc7 43.Qe3 Rc8 44.Qa7 Rc7  1/2-1/2

[Event "ECC"]
[Site "Rethymnon GRE"]
[Date "2003.09.28"]
[Round "1"]
[White "Nedela,V"]
[Black "Vallejo Pons,F"]
[Result "0-1"]
[WhiteElo "2381"]
[BlackElo "2662"]

1.Nf3 d5 2.b3 Bg4 3.Bb2 Nf6 4.Ne5 Bh5 5.d3 Nbd7 6.Nxd7 Nxd7 7.g3 e5 8.Bg2 c6
9.Nd2 Bd6 10.a3 a5 11.O-O O-O 12.Qe1 f5 13.e3 Qe7 14.Kh1 e4 15.d4 a4 16.c4 axb3
17.c5 Bc7 18.Nxb3 g5 19.Rg1 Rf6 20.Bc3 Bf3 21.Nd2 g4 22.Rb1 Rh6 23.Nf1 Ra7
24.a4 Nf8 25.a5 Ng6 26.Bxf3 gxf3 27.Rb2 Nf8 28.Qb1 Bd8 29.a6 bxa6 30.Rb8 Qd7
31.Nd2 a5 32.g4 Bc7 33.gxf5+ Kf7 34.Rg3 Bxg3 35.fxg3 a4 36.g4  0-1

[Event "ECC"]
[Site "Rethymnon GRE"]
[Date "2003.09.29"]
[Round "2"]
[White "Vallejo Pons,F"]
[Black "Knaak,R"]
[Result "1-0"]
[WhiteElo "2662"]
[BlackElo "2480"]

1.e4 e6 2.d4 d5 3.Nc3 Nf6 4.e5 Nfd7 5.f4 c5 6.Nf3 Nc6 7.Be3 cxd4 8.Nxd4 Bc5
9.Qd2 Nxd4 10.Bxd4 Bxd4 11.Qxd4 Qb6 12.Qd2 Nc5 13.O-O-O Bd7 14.Qd4 Bc6 15.h4 Nd7
16.Qxb6 Nxb6 17.Rh3 h5 18.Rg3 g6 19.b3 Ke7 20.a4 Rhc8 21.Ne2 Be8 22.Nd4 a6
23.Bd3 Nd7 24.Kd2 Nb8 25.Ra1 Nc6 26.Ne2 Na5 27.Rh3 Rc7 28.Rg1 Rac8 29.Nd4 Nc6
30.Nxc6+ Rxc6 31.g4 hxg4 32.Rxg4 f5 33.exf6+ Kxf6 34.Rhg3 Ke7 35.h5 gxh5
36.Rg7+ Kf6 37.Rxb7 Bf7 38.Ra7 h4 39.Rh3 Rh8 40.Rxa6 Rxa6 41.Bxa6 Bg6 42.Bf1 Kf5
43.b4 Kxf4 44.b5 Bf5 45.Rh2 Kg3 46.Rg2+ Kf3 47.b6 h3 48.Re2 h2 49.Bg2+ Kf4
50.a5 Be4 51.Rxe4+ dxe4 52.b7 e3+ 53.Ke2 h1=Q 54.Bxh1 Rh2+ 55.Kd3 Rd2+ 56.Kc4 e5
57.b8=Q Rd4+ 58.Kc3 e2 59.Qf8+  1-0

[Event "ECC"]
[Site "Rethymnon GRE"]
[Date "2003.10.03"]
[Round "6"]
[White "Vallejo Pons,F"]
[Black "Landa,K"]
[Result "1-0"]
[WhiteElo "2662"]
[BlackElo "2614"]

1.e4 c6 2.d4 d5 3.Nd2 dxe4 4.Nxe4 Bf5 5.Ng3 Bg6 6.h4 h6 7.Nf3 Nd7 8.h5 Bh7
9.Bd3 Bxd3 10.Qxd3 e6 11.Bf4 Ngf6 12.O-O-O Be7 13.Kb1 Qa5 14.Ne4 O-O 15.g4 Nxg4
16.Ne5 f5 17.Nxd7 fxe4 18.Qg3 Rxf4 19.Qxf4 Qf5 20.Qc7 Bg5 21.Rhf1 Bf4 22.Qxb7 Rd8
23.Qxc6 e3 24.fxe3 Nxe3 25.Rxf4 Qxf4 26.Qxe6+ Kh7 27.Re1 Qxd4 28.a3 Qxd7
29.Qg6+ Kg8 30.Rxe3 Qf7 31.b3 Qxg6 32.hxg6 Kf8 33.Re6 h5 34.Kb2 Re8 35.Ra6 Ke7
36.Rxa7+ Kf6 37.a4 h4 38.a5 Kxg6 39.Rd7 h3 40.a6 h2 41.Rd1 Ra8 42.Rh1 Rxa6
43.Rxh2 Ra8 44.Rf2 Kh5 45.c4 g5 46.b4 g4 47.c5 g3 48.Rc2 Kg5 49.c6 Kf6 50.Rg2 Ke5
51.Rxg3 Kd6 52.b5 Kc5 53.Rg5+ Kb6 54.Rd5 Ra4 55.Kc3 Rh4 56.Kd3 Rb4 57.Ke3 Rc4
58.Re5 Rh4 59.Kd3 Rg4 60.Re8 Rg7 61.Kc4 Rh7 62.Rd8 Rh4+ 63.Kd3 Rh7 64.Rb8+ Ka7
65.Re8 Kb6 66.Kd4 Rg7 67.Rh8 Rf7 68.Ra8 Rf4+ 69.Kd5 Rf5+  1-0

[Event "EuTCh"]
[Site "Plovdiv BUL"]
[Date "2003.10.19"]
[Round "8"]
[White "Vallejo Pons,F"]
[Black "Spasov,V"]
[Result "1-0"]
[WhiteElo "2662"]
[BlackElo "2543"]

1.e4 e6 2.d4 d5 3.e5 c5 4.c3 Nc6 5.Nf3 Bd7 6.Be2 f6 7.Bf4 Qb6 8.Nbd2 cxd4
9.O-O g5 10.Bg3 g4 11.Nxd4 Nxd4 12.cxd4 f5 13.Nb3 Ne7 14.Nc5 Ng6 15.Nxd7 Kxd7
16.Qa4+ Kd8 17.f3 h5 18.Be1 a5 19.Rc1 Bb4 20.Bf2 Nf4 21.Bb5 Be7 22.Be3 Ng6
23.f4 g3 24.hxg3 h4 25.gxh4 Bxh4 26.Rf3 Ke7 27.g3 Rag8 28.Kf2 Kf7 29.gxh4 Nxh4
30.Be2 Nxf3 31.Qd7+ Kg6 32.Rc7 Kh6 33.Kxf3 Kh5 34.Kf2+ Kh4 35.Qh7+  1-0

[Event "2nd Milk Tournament"]
[Site "Selfoss ISL"]
[Date "2003.10.29"]
[Round "1"]
[White "Vallejo Pons,F"]
[Black "Fressinet,L"]
[Result "1/2-1/2"]
[WhiteElo "2662"]
[BlackElo "2654"]

1.e4 c5 2.Nc3 a6 3.Nge2 d6 4.g3 g6 5.Bg2 Bg7 6.d4 cxd4 7.Nxd4 Nf6 8.O-O O-O
9.Bg5 h6 10.Bd2 Nc6 11.Nde2 Nd7 12.a4 Rb8 13.Qc1 Kh7 14.Nd5 e6 15.Ne3 b5
16.axb5 axb5 17.Bc3 Nf6 18.Rd1 Qc7 19.Nd4 Bd7 20.Ra6 e5 21.Nxc6 Bxc6 22.Bb4 Qc8
23.Ra7 Rb7 24.Rxb7 Qxb7 25.Bxd6 Re8 26.f3 h5 27.Rd3 Bh6 28.Qe1 Qb6 29.b4 Nd7
30.h4 Re6 31.Kf2 f5 32.exf5 gxf5 33.Bh3 Rf6 34.f4 Be4 35.fxe5 Re6 36.Qc3 Nxe5
37.Bxe5 Bxd3 38.Qxd3 Rxe5 39.Bxf5+ Kh8 40.Be4 Re8 41.Kf3 Qf6+ 42.Nf5 Re5
43.Kg2 Bf8 44.Qf3 Qf7 45.Qf4 Bg7 46.Kf3 Bf6 47.Nh6 Qf8 48.g4 hxg4+ 49.Nxg4 Re6
50.Ne3 Bg7 51.Qxf8+ Bxf8 52.Nd5 Rd6 53.c3 Bg7 54.Ke3  1/2-1/2

[Event "2nd Milk Tournament"]
[Site "Selfoss ISL"]
[Date "2003.11.02"]
[Round "4"]
[White "Vallejo Pons,F"]
[Black "Thorhallsson,T"]
[Result "1-0"]
[WhiteElo "2662"]
[BlackElo "2444"]

1.e4 c5 2.Nf3 d6 3.d4 cxd4 4.Nxd4 Nf6 5.Nc3 Nc6 6.Bg5 e6 7.Qd2 Be7 8.O-O-O a6
9.f3 Qc7 10.Kb1 O-O 11.h4 Rd8 12.g4 Nxd4 13.Qxd4 b5 14.h5 b4 15.Na4 Qa5 16.Nb6 Rb8
17.Nxc8 Rbxc8 18.Be3 Nd7 19.g5 Bxg5 20.Bxg5 Qxg5 21.h6 Ne5 22.Bxa6 Ra8 23.Rdg1 Qf4
24.Rxg7+ Kf8 25.Be2 Ke7 26.Rxh7 Rg8 27.Rg7 Rxg7 28.hxg7 Rg8 29.Rd1 Ng6 30.Qxb4 Rxg7
31.Qb8 Rh7 32.Qc7+ Kf6 33.Qd8+ Ne7 34.Qxd6 Qxd6 35.Rxd6 Ke5 36.Rd2 Kf4 37.Bd1 Nc6
38.a4 Ne5 39.b3 Rh1 40.Kb2 Ke3 41.Rd6 Rh2 42.a5 Rd2 43.Rxd2 Kxd2 44.a6 Nc6
45.b4 Na7 46.c4 Kxd1 47.b5 Nc8  1-0

[Event "2nd Milk Tournament"]
[Site "Selfoss ISL"]
[Date "2003.11.03"]
[Round "5"]
[White "Rowson,J"]
[Black "Vallejo Pons,F"]
[Result "1-0"]
[WhiteElo "2541"]
[BlackElo "2662"]

1.e4 c5 2.Nf3 e6 3.d4 cxd4 4.Nxd4 Nf6 5.Nc3 Nc6 6.Ndb5 d6 7.Bf4 e5 8.Bg5 a6
9.Na3 b5 10.Nd5 Be7 11.Bxf6 Bxf6 12.c3 Ne7 13.Nxf6+ gxf6 14.Bd3 d5 15.Qe2 Bb7
16.O-O-O Qa5 17.exd5 Nxd5 18.Qf3 b4 19.Be4 bxa3 20.Bxd5 Qb6 21.b3 Bxd5 22.Rxd5 Ke7
23.Rhd1 Rhd8 24.Qe3 Qxe3+ 25.fxe3 Rxd5 26.Rxd5 Rg8 27.Rd2 a5 28.Kc2 Rg4 29.c4 f5
30.g3 Re4 31.Kd3 Rg4 32.Ke2 a4 33.Rd5 Kf6 34.Ra5 axb3 35.axb3 f4 36.exf4 exf4
37.Kf3 fxg3 38.hxg3 Rd4 39.Rxa3 Rd3+ 40.Kf4 Kg7 41.g4 Rc3 42.Ke5 Kg6 43.Kd6 Rd3+
44.Kc7 Rc3 45.Kd6 Rd3+ 46.Kc6 Kg5 47.c5 Rc3 48.Kd6 f5 49.gxf5 h5 50.c6 Rd3+
51.Ke7 Re3+ 52.Kd7 Rd3+ 53.Kc8 h4 54.c7 h3 55.Ra2 Rxb3 56.Rc2 Kf6 57.Kd7 Rb7
58.Rh2  1-0

[Event "2nd Milk Tournament"]
[Site "Selfoss ISL"]
[Date "2003.11.04"]
[Round "6"]
[White "Vallejo Pons,F"]
[Black "Malakhov,V"]
[Result "1/2-1/2"]
[WhiteElo "2662"]
[BlackElo "2696"]

1.e4 c5 2.Nf3 Nc6 3.d4 cxd4 4.Nxd4 g6 5.c4 Nf6 6.Nc3 d6 7.Be2 Nxd4 8.Qxd4 Bg7
9.Bg5 O-O 10.Qd2 Be6 11.Rc1 Qa5 12.f3 Rfc8 13.b3 a6 14.Na4 Qxd2+ 15.Kxd2 Rc6
16.Nc3 Kf8 17.Nd5 Bxd5 18.cxd5 Rcc8 19.Be3 Nd7 20.Rxc8+ Rxc8 21.Rc1 Rxc1
22.Kxc1 Ke8 23.Kc2 Kd8 24.b4 h6 25.g3 g5 26.a4 Nf6 27.Bd4 Kc7 28.f4 gxf4
29.gxf4 Nh5 30.Be3 Nf6 31.Bf3 Nd7 32.a5 f5 33.exf5 Ba1 34.Bh5 b5 35.Bf7 Bf6
36.Be6 Kd8 37.Bf7 Kc7 38.Kd2 Kd8 39.Kd3 Kc7 40.Bf2 Kd8 41.Be1 Bb2 42.Be6 Kc7
43.Bd2 Nf6 44.Be3 Kb7 45.Bb6 Nh5 46.Bf7 Nxf4+ 47.Kc2  1/2-1/2

[Event "2nd Milk Tournament"]
[Site "Selfoss ISL"]
[Date "2003.11.05"]
[Round "7"]
[White "Stefansson,H"]
[Black "Vallejo Pons,F"]
[Result "0-1"]
[WhiteElo "2567"]
[BlackElo "2662"]

1.e4 c5 2.Nf3 d6 3.d4 cxd4 4.Nxd4 Nf6 5.Nc3 a6 6.Be3 e5 7.Nb3 Be7 8.f3 Be6
9.Qd2 O-O 10.O-O-O Qc7 11.g4 Rc8 12.Kb1 d5 13.exd5 Nxd5 14.Nxd5 Bxd5 15.Qf2 Qc6
16.Bd3 a5 17.Bf5 a4 18.Nc5 Rd8 19.Be4 Na6 20.Rxd5 Rxd5 21.Bxd5 Qxd5 22.Nxa4 Nc7
23.Nc3 Qe6 24.a3 b5 25.Bc5 b4 26.Ne4 bxa3 27.b3 h5 28.Bxe7 Qxe7 29.Ka2 hxg4
30.fxg4 Nd5 31.c3 Rc8 32.Qd2 Rd8 33.Qc1 Qe6 34.h3 Qg6 35.Re1 Nf4 36.Nf2 Qb6
37.Qc2 Nd5 38.Ne4 Rc8 39.Qd2 Rd8 40.Qc2 Qc6 41.Re2 Rc8 42.Qd2 Nf4 43.Re3 Qb6
44.Rg3 Rd8 45.Qc2 Rd7 46.g5 Qd8 47.h4 Rd1 48.g6 f5  0-1

[Event "2nd Milk Tournament"]
[Site "Selfoss ISL"]
[Date "2003.11.07"]
[Round "9"]
[White "Bologan,V"]
[Black "Vallejo Pons,F"]
[Result "1/2-1/2"]
[WhiteElo "2673"]
[BlackElo "2662"]

1.e4 c5 2.Nf3 d6 3.d4 cxd4 4.Nxd4 Nf6 5.Nc3 a6 6.Be3 e5 7.Nb3 Be7 8.f3 Be6
9.Qd2 O-O 10.O-O-O Nbd7 11.g4 Rc8 12.Kb1 b5 13.g5 Nh5 14.Nd5 Bxd5 15.exd5 Nb6
16.Na5 Qc7 17.Rg1 g6 18.h4 Nxd5 19.Qxd5 Qxa5 20.c4 Nf4 21.Bxf4 exf4 22.cxb5 axb5
23.Qxb5 Qa7 24.Bc4 Qf2 25.Bb3 Qxf3 26.Qa4 Qf2 27.Rge1 Rc7 28.Rh1 Rfc8 29.Qe4 d5
30.Bxd5 Bf8  1/2-1/2

[Event "TCh-FRA Nat1 GpA"]
[Site "Evry FRA"]
[Date "2004.01.30"]
[Round "1"]
[White "Vallejo Pons,F"]
[Black "Sharif,Me"]
[Result "1-0"]
[WhiteElo "2663"]
[BlackElo "2462"]

1.e4 e6 2.d4 d5 3.Nc3 Nf6 4.Bg5 dxe4 5.Nxe4 Be7 6.Bxf6 Bxf6 7.Nf3 O-O 8.Qd2 Nd7
9.O-O-O Be7 10.Bd3 b6 11.h4 Bb7 12.Neg5 h6 13.Bh7+ Kh8 14.Bd3 Kg8 15.Rh3 c5
16.Rg3 hxg5 17.hxg5 g6 18.Rh1 Bxf3 19.gxf3 Kg7 20.Rgh3 Bxg5 21.Rh7+ Kg8 22.f4 Nf6
23.Rh8+ Kg7 24.Rxf8 Qd5 25.Re1 Rxf8 26.fxg5 Nh5 27.dxc5 bxc5 28.Re4 Rd8 29.b3 Kg8
30.Qe3 Qd6 31.Kb1 Ng7 32.Re5 Rc8 33.f4 Nh5 34.Kb2 Ng7 35.a4 Nh5 36.Bc4 Ng7
37.Bd3 Nh5 38.Re4 Rc7 39.Rc4 a5 40.Qe5 Qb6 41.Rc3 Rc8 42.Be2 Ng7 43.Bb5 Qc7
44.Rd3 Qxe5+ 45.fxe5 Nf5 46.Rd7 Nd4 47.Ra7 Nf3 48.Rxa5 Nxe5 49.Ra7 Nc6 50.Bxc6 Rxc6
51.Kc3  1-0

[Event "TCh-FRA Nat1 GpA"]
[Site "Evry FRA"]
[Date "2004.01.31"]
[Round "2"]
[White "Bergez,L"]
[Black "Vallejo Pons,F"]
[Result "1-0"]
[WhiteElo "2380"]
[BlackElo "2663"]

1.d4 Nf6 2.Nf3 g6 3.c4 Bg7 4.Nc3 d5 5.cxd5 Nxd5 6.e4 Nxc3 7.bxc3 O-O 8.Be2 c5
9.Rb1 b6 10.O-O Bb7 11.Bd3 cxd4 12.cxd4 e6 13.Ba3 Re8 14.Rc1 a6 15.e5 Bh6
16.Rc3 b5 17.Bd6 Nc6 18.a4 b4 19.Rc5 Bf8 20.Bxf8 Rxf8 21.Be4 Na5 22.Bxb7 Nxb7
23.Rc4 b3 24.Qd2 Kg7 25.Rc3 Na5 26.Ng5 Rb8 27.Nxh7 Rh8 28.Ng5 Rb7 29.Rb1 b2
30.Nf3 Qd5 31.Qc2 Rhb8 32.h4 Nb3 33.Rxb2 Nxd4 34.Rxb7 Rxb7 35.Nxd4 Qxd4 36.h5 Qxe5
37.hxg6 fxg6 38.Re3 Qf6 39.Qe4 Rf7 40.Re2 Qa1+ 41.Re1 Qb2 42.Qe5+ Qxe5 43.Rxe5 Kf6
44.Ra5 Rc7 45.Rxa6 Rc1+ 46.Kh2 Ra1 47.Ra7 e5 48.Kg3 Kf5 49.Ra8 Ra3+ 50.Kh4 Ra2
51.a5 Ra4+ 52.Kg3 Ra3+ 53.Kh4 Ra4+ 54.Kh3 Ra3+ 55.Kh2 e4 56.a6 Kg5 57.a7 Ra2
58.Kg3  1-0